| 000 | 00936cam a2200277 4500 | ||
|---|---|---|---|
| 008 | 090401t1992 xxu||||| |||| 00| 0 eng d | ||
| 020 | _a0728201739 | ||
| 035 | _a(Sirsi) u29451 | ||
| 041 | _aeng | ||
| 050 | _a346.4104343 | ||
| 100 | _aYoung, Michael | ||
| 245 | _aService charges in commercial property. | ||
| 260 |
_aLondon _bEstates Gazette _c1992 |
||
| 300 | _ax,62p. ; 22cm. | ||
| 350 | _a10.5 | ||
| 490 | _aEstates Gazette Professional Guides | ||
| 520 | _aConsiders the nature and scope of service charges including implementation , disputes, accounting procedures and VAT. Appendices give examples of statements, schedules, reports and lease provisions. | ||
| 650 | _aPROPERTY-COMMERCIAL PROPERTY | ||
| 650 | _aINDUSTRIAL PROPERTY | ||
| 650 | _aOFFICES | ||
| 650 | _aSERVICE CHARGES | ||
| 650 | _aSHOPPING CENTRES | ||
| 690 | _aLANDLORD AND TENANT-BUSINESS TENANCIES | ||
| 942 | _n0 | ||
| 948 | _c04/03/1997 | ||
| 999 |
_c89422 _d89422 |
||